Union Slough National Wildlife Refuge : comprehensive management plan.

Bibliographic Details
Corporate Author: U.S. Fish and Wildlife Service
Format: Government Document Book
Language:English
Published: Titonka, Iowa (1710 360th St., Titonka 50480) : U.S. Dept. of the Interior, U.S. Fish and Wildlife Service, [1997]
Subjects:

MARC

Tag First Indicator Second Indicator Subfields
LEADER 00000cam a2200000 a 4500
001 in00001404570
005 20151020052259.0
008 970805s1997 iaua b f000 0 eng d
010 |a gp 97066554  
035 |a (OCoLC)37419445 
035 |9 AHM3472AM 
040 |a GPO  |c GPO  |d DLC  |d MvI  |d UtOrBLW 
043 |a n-us-ia 
074 |a 0612 
086 0 |a I 49.2:UN 3 
245 0 0 |a Union Slough National Wildlife Refuge :  |b comprehensive management plan. 
264 1 |a Titonka, Iowa (1710 360th St., Titonka 50480) :  |b U.S. Dept. of the Interior, U.S. Fish and Wildlife Service,  |c [1997] 
300 |a 25 pages, 2 unnumbered pages, 26 pages, 9 unnumbered pages :  |b illustrations (some color), maps (some color) ;  |c 28 cm. 
336 |a text  |b txt  |2 rdacontent 
337 |a unmediated  |b n  |2 rdamedia 
338 |a volume  |b nc  |2 rdacarrier 
500 |a Cover title. 
500 |a "Wild America' national wildlife refuges.... where wildlife comes naturally"--P. [4] of cover. 
500 |a Shipping list number: 97-0300-P. 
504 |a Includes bibliographical references (pages [1-4], 4th group). 
651 0 |a Union Slough National Wildlife Refuge (Iowa) 
650 0 |a Wildlife refuges  |z Iowa  |x Planning. 
710 2 |a U.S. Fish and Wildlife Service. 
999 |a MARS 
999 f f |s 34a5e721-3390-3b33-9f89-5c88e7c8f229  |i 8c031477-ee38-3ce3-8475-591436aa8a94  |t 0 
952 f f |p normal  |a Texas A&M University  |b College Station  |c Sterling C. Evans Library  |d Evans: US Documents (Annex 5th floor)  |t 0  |e I 49.2:UN 3  |h Superintendent of Documents classification  |i unmediated -- volume  |m A14838111743 
998 f f |a I 49.2:UN 3  |t 0  |l Evans: US Documents (Annex 5th floor)